000 00493nam a2200169Ia 4500
008 090122s9999 xx 000 0 und d
082 _b1073
_a657
100 _aBroon
_bJ
_cR
245 _aPrinciples and Practice of Management Accountancy
260 _bTHE ENGLISH AND EVANS LTD
_c1975
300 _a756
600 _aBroon
630 _aPrinciples and Practice of Management Accountancy
700 _aBroon
730 _aPrinciples and Practice of Management Accountancy
942 _cBOOK
999 _c25151
_d25151